| 000 | 01567nam a2200337 i 4500 | ||
|---|---|---|---|
| 003 | DO-SdBNP | ||
| 005 | 20260507132845.0 | ||
| 006 | a||||fr|||| 00| 0 | ||
| 007 | ta | ||
| 008 | 230601b2002 dr |||| |||| 00| 0 spa d | ||
| 020 | _a9993425265 | ||
| 040 |
_aDO-SdBNP _bspa _cBNPHU _erda |
||
| 082 | 4 |
_a303.33 _bV483p _222 |
|
| 100 | 1 |
_aVerdesoto, Luis _983836 _eautor |
|
| 245 | 1 | 0 |
_aPolíticas Públicas de Estímulo al Control Social de la Gestión Pública : _bdimensiones conceptuales / _cLuis Verdesoto |
| 264 | 4 |
_aSanto Domingo : _bINTEC, _c2002. |
|
| 300 |
_a88 páginas ; _c28 cm. |
||
| 336 |
_2rdacontent _atexto _btxt |
||
| 337 |
_2rdamedia _asin mediación _bn |
||
| 338 |
_2rdacarrier _avolumen _bnc |
||
| 490 | _asociedad civil | ||
| 490 |
_aDocumentos de trabajo ; _x13 |
||
| 500 | _aPrograma de fortalecimiento de Organizaciones de la Sociedad Civil. | ||
| 505 |
_tPresentación -- _tNota preliminar -- _tAntecedentes -- _tLa problemática: participación y responsabilidad -- _tReconformación y refuncionalización del estado -- _tLa reconformación de lo público _tAlgunos temas pertinentes a República Dominicana -- _tLa contraloría social -- _t Las condiciones del control social -- _tBibliografía General sobre Participación y Control de la Gestión Pública -- _tAnexo: Una propuesta metodológica de concertación / |
||
| 590 | _aInventariado, 2023/ YL | ||
| 650 | 0 |
_aControl social _983837 |
|
| 650 | 0 |
_aParticipación social _977777 |
|
| 650 | 4 |
_aSociedad civil _zRepública Dominicana _914011 |
|
| 910 | _aYLockward | ||
| 942 |
_2ddc _cLBS1 |
||
| 999 |
_c54267 _d54267 |
||